Kitab al-masalik [wa-] al-mamalik /

محفوظ في:

المؤلف الرئيسي: Ibn Khurradadhbih, Ubayd Allah ibn Abd Allah.

مؤلفون آخرون: Goeje, M. J. de 1836-1909 (المحرر)

التنسيق: كتاب

اللغة: Arabic
French

منشور في: Laydin : Matba Bril, 1967.

الطبعة: Ed. 2. (photomechanice iterata).

سلاسل: Bibliotheca geographorum Arabicorum ; pars 6.

الموضوعات:

الوسوم: إضافة وسم

لا توجد وسوم, كن أول من يضع وسما على هذه التسجيلة!

رقم الطلب: PJ7824 .A1 G602

LEADER 01630nam a22003617a 4500
003 OSt
005 20251110115747.0
008 251110t19671889ne b 001 0 arar
010 |a  76970026  
040 |c ARCE Library 
041 0 |a fre  |h ara 
043 |a aw-----  |a ff-----  |a e-sp--- 
050 1 4 |a PJ7824 .A1  |b G602 
100 1 |a Ibn Khurradadhbih, Ubayd Allah ibn Abd Allah. 
245 1 0 |a Kitab al-masalik [wa-] al-mamalik /  |c an Ibn Khurradadhbih. 
246 3 0 |a Kitab al-masalik al-mamalik. 
246 3 0 |a Masalik al-mamalik. 
246 1 5 |a Masalik wa'l-mamalik. 
250 |a Ed. 2. (photomechanice iterata). 
264 1 |a Laydin :  |b Matba Bril,  |c 1967. 
300 |a 308, xxiii, 216 pages ;  |c 25 cm. 
490 1 |a Bibliotheca geographorum Arabicorum ;  |v pars 6. 
500 |a Reprint of the edition published by Brill, Leiden, 1889. 
500 |a Added t.p.: Kitâb al-masâlik wa'l-mamâlik (Liber viarum et regnorum), auctore Abu 'l-Kâsim Obaidallah ibn Abdallah ibn Khordâdhbeh; et excerpta e Kitâb al-kharâdj, auctore Kodâma ibn Djaʻfar; quae cum versione Gallica edidit, indicibus et glossario instruxit M. J. de Goeje. 
500 |a "Nubadh min Kitāb al-kharāj, wa-ṣanʻat al-kitābah li-Abī al-Faraj Qudāmah ibn Jaʻfar al-Kātib al-Baghdādī": p. [184]-266. 
504 |a Includes bibliographical references and indexes. 
650 0 |a Geography, Arab. 
651 0 |a Islamic Empire  |x Description and travel. 
700 1 |a Goeje, M. J. de  |q (Michael Jan),  |d 1836-1909,  |e editor. 
830 0 |a Bibliotheca geographorum Arabicorum ;  |v pars 6. 
901 |a reviewed 
942 |2 lcc  |c BK 
999 |c 56656  |d 56656